Costs fall for second quarter in succession (Record no. 76023)
[ view plain ]
| 000 -LEADER | |
|---|---|
| fixed length control field | 00719cab a2200181 4500 |
| 001 - CONTROL NUMBER | |
| control field | ##L131285 |
| 008 - FIXED-LENGTH DATA ELEMENTS--GENERAL INFORMATION | |
| fixed length control field | 050712n2005 000 0 eng u |
| 035 ## - SYSTEM CONTROL NUMBER | |
| System control number | (Sirsi) u131285 |
| 041 0# - LANGUAGE CODE | |
| Language code of text/sound track or separate title | eng |
| 245 00 - TITLE STATEMENT | |
| Title | Costs fall for second quarter in succession |
| 260 ## - PUBLICATION, DISTRIBUTION, ETC. | |
| Date of publication, distribution, etc. | 2005 |
| 490 #0 - SERIES STATEMENT | |
| Series statement | Construction News |
| Volume/sequential designation | (6936) 22 September 2005, 16(1) |
| 520 ## - SUMMARY, ETC. | |
| Summary, etc. | Figures from the EC Harris "Construction News" Contractors' Input Cost Index show that, for the first time, material prices and labour rates have fallen for a second quarter in succession. Tables and graph. |
| 590 ## - LOCAL NOTE (RLIN) | |
| Local note | IKA251005 |
| 650 24 - SUBJECT ADDED ENTRY--TOPICAL TERM | |
| Topical term or geographic name entry element | EC HARRIS CONSTRUCTION NEWS CONTRACTORS INPUT COST INDEX |
| 690 ## - LOCAL SUBJECT ADDED ENTRY--TOPICAL TERM (OCLC, RLIN) | |
| Topical term or geographic name as entry element | BUILT ENVIRONMENT-BUILDING COSTS |
| 942 ## - ADDED ENTRY ELEMENTS (KOHA) | |
| Suppress in OPAC | 0 |
| Withdrawn status | Lost status | Source of classification or shelving scheme | Damaged status | Not for loan | Home library | Current library | Shelving location | Date acquired | Total Checkouts | Full call number | Barcode | Date last seen | Copy number | Price effective from | Koha item type |
|---|---|---|---|---|---|---|---|---|---|---|---|---|---|---|---|
| Dewey Decimal Classification | London | London | Journal article | 17/10/2005 | L131285 | 131285-1001 | 06/08/2019 | 1 | 06/08/2019 | Journal article |